Kymenlaakson kuntien vaakunat 2025 (keltainen laatikko) - Statistics

Yleistilastot
  • Tätä visaa on pelattu 115 kertaa
    110 viimeisimmän päivityksen jälkeen
  • Keskiarvotulos 6 / 6
Vastaustilastot
Kuvavisa Vastaus % Oikein
Kotka
100%
Hamina
98%
Kouvola
98%
Pyhtää
97%
Miehikkälä
95%
Virolahti
93%
Ehtoja vastaavia visoja ei löytynyt
Tulosjakauma
Jokaisen tuloksen saaneiden osuus
Persentiili vastausten määrän mukaan
Tuloshistoriasi
Et ole pelannut tätä visaa sen viimeisimmän päivityksen jälkeen